| 000 | 00345nam a2200133Ia 4500 | ||
|---|---|---|---|
| 008 | 231017s9999 xx 000 0 und d | ||
| 082 | _a624.162 | ||
| 082 | _bWRI | ||
| 245 | 4 | _aThe Fully Softened Shear Strength of High Plasticity Clays - VTRC | |
| 245 | 0 | _cStephen G. Wright | |
| 260 | _bStephen G. Wright | ||
| 300 | _c30cm | ||
| 942 | _cREP | ||
| 999 |
_c603829 _d603829 |
||